000 00303nam a22001337a 4500
008 170530b xxu||||| |||| 00| 0 eng d
020 _a394402731
041 _aeng
080 _a93
100 _a17
101 _aSHH
245 _aTHE ASSASSINATION OF ROBERT F.KENNEDY
_cTURNER, W.W
942 _2udc
_cBK
999 _c15036
_d15036